The geometry of physics : An introduction

Enregistré dans:
Détails bibliographiques
Auteur principal: Frankel, Theodore (Auteur)
Format: Livre
Langue:anglais
Publié: Cambridge : Cambridge University Press, 2004
Édition:2nd Ed
Sujets:
Tags: Ajouter un tag
Pas de tags, Soyez le premier à ajouter un tag!

MARC

LEADER 00000nam a22000003a 4500
001 stu117059
005 20150617225911.7
008 060428s2004----uk------------------eng-d
020 |a 0-521-53927-7 
040 |a STU  |b slo 
041 0 |a eng 
044 |a uk 
080 |a 514 
080 |a 53  |7 stu_us_auth*stu7966 
100 1 |a Frankel, Theodore  |4 aut 
245 1 |a The geometry of physics :  |b An introduction 
250 |a 2nd Ed 
260 |a Cambridge :  |b Cambridge University Press,  |c 2004 
300 |a 694 s 
650 7 |a topológia  |2 stusub 
650 7 |a geometria  |2 stusub 
650 7 |a fyzika  |2 stusub 
650 7 |a matematická fyzika  |2 stusub 
996 |b 284M072920  |c M*11904-1  |l MMKN  |s A  |a 24  |w stu117059_0002